| 000 | 00948nam a2200265 i 4500 | ||
|---|---|---|---|
| 001 | 110523 | ||
| 003 | ES-MaACL | ||
| 005 | 20250831063037.0 | ||
| 007 | t| | ||
| 008 | 070126s1972 it ||||1| ita d | ||
| 080 | _a239(02)"01" | ||
| 100 | 1 |
_aTertuliano, Quinto Septimio Florente, _dca. 160-220 _9109810 |
|
| 245 | 1 | 0 |
_aApologetico / _cTertulliano ; traduzione di Ernesto Buonaiuti ; introduzione, revisione e commento di Ettore Paratore. |
| 250 | _a1ª ed. | ||
| 260 |
_aBari : _bLaterza, _c1972. |
||
| 300 |
_a273 p. ; _c18 cm. |
||
| 490 | 1 |
_aPiccola biblioteca filosofica Laterza ; _v77 |
|
| 500 | _aBiblioteca Jacinto Martínez Lacalle. | ||
| 600 | 1 | 4 |
_aBuonaiuti, Ernesto. _932565 |
| 600 | 1 | 4 |
_aParatore, Ettore. _988939 |
| 650 | 1 | 4 |
_aApologética- _vObras anteriores a 1800. _99922 |
| 830 | 0 |
_aPiccola biblioteca filosofica Laterza ; _v77 _9184914 |
|
| 852 |
_aES-MaACL _jE-11578 _bR.139576 |
||
| 999 |
_c110523 _d110523 |
||